Kemalist Cumhuriyet (Record no. 2242)

MARC details
000 -BAŞLIK
Sabit Uzunlukta Kontrol Alanı 00986na a2200301 4500
001 - KONTROL NUMARASI
Denetim Alanı 13959
003 - KONTROL NUMARASI IDENTIFIER
Denetim Alanı MIRAKIL
005 - SON İŞLEM TARİHİ VE ZAMANI
Denetim Alanı 20181213154850.0
008 - SABİT-BOY VERİ ELEMANLARI - GENEL BİLGİLER
Sabit Uzunlukta Kontrol Alanı 160822b tu 000 0
020 ## - ULUSLARARASI STANDART KİTAP NUMARASI
Uluslararası Standart Kitap Numarası 9753430558
035 ## - SİSTEM KONTROL NUMARASI
Sistem Kontrol Numarası 13959
040 ## - KATALOGLAMA KAYNAK
Orijinal Kataloglama Ajansı Milas
Kataloglama Dili tur
Metne Dönüştürmek Ajansı TR-AnCHP
082 ## - DEWEY ONLU SINIFLANDIRMA NUMARASI
Sınıflandırma Numarası ATA 956.1024
Ürün Numarası K65 1994
090 ## - SINIFLAMA NUMARASI
Sınıflama Numarası ATA 956.1024 K65 1994
245 ## - BAŞLIK TABLOSU
Başlık Kemalist Cumhuriyet
Başlığın Kalan Komintern Belgelerinde Türkiye-2
Sorumluluk Tablosu, Vb derleyen Doğu Perinçek ; çevirenler Fatma Artunkal, Şule Perinçek, Metin Cengiz
246 ## - UNVAN FORM VARYING
Başlık Doğru / Kısa Başlığı Komintern Belgelerinde Türkiye-2
260 ## - YAYIN, DAĞITIM, VB
Yayın, Dağıtım, Vb Yeri İstanbul
Yayıncı, Dağıtıcı, Vs Adı Kaynak Yayınları
Yayın, Dağıtım, Vb Tarihi 1994
300 ## - FİZİKSEL TANIM
Kapsam 102 s.
Boyutlar 18 sm.
490 ## - SERİSİ TABLOSU
Seri Beyanı Kaynak Yayınları
Hacim / Ardışık Tanımı 145
504 ## - KAYNAKÇA VB NOT
Kaynakça Vb Notu Dizin var.
600 ## - KONU KATMA GİRİŞ - KURUMSAL ADI
Kişisel Ad Atatürk, Mustafa Kemal
Bir Adıyla İlişkilendirilen Tarihler 1881-1938
Genel Alt Bölümü Atatürk devrimleri
600 ## - KONU KATMA GİRİŞ - KURUMSAL ADI
Kişisel Ad Atatürk, Mustafa Kemal
Bir Adıyla İlişkilendirilen Tarihler 1881-1938
Genel Alt Bölümü Dış politika
700 ## - KATMA GİRİŞ - KİŞİSEL İSİM
Kişisel Ad Cengiz, Metin
700 ## - KATMA GİRİŞ - KİŞİSEL İSİM
Kişisel Ad Perinçek, Şule
700 ## - KATMA GİRİŞ - KİŞİSEL İSİM
Kişisel Ad Artunkal, Fatma
700 ## - KATMA GİRİŞ - KİŞİSEL İSİM
Kişisel Ad Perinçek, Doğu
942 ## - EKLENDİ GİRİŞ ELEMANLARI (KOHA)
Sınıflandırma Veya Raf Düzeni Kaynak Dewey Decimal Classification
Koha Öğesi Türü Books
999 ## - SİSTEM KONTROL NUMARALARI (KOHA)
Koha Biblionumber 2242
Koha Biblioitemnumber 2242
Holdings
Kalıcı Konum Mevcut Konum Edinme Tarihi Edinim Kaynak Toplam Check-Out'Lar Tam Çağrı Numarası Barkod Tarih Son Görülme İtibaren Geçerli Fiyatlar Koha Öğesi Türü
CHP Kütüphanesi CHP Kütüphanesi 08/22/2016 Bağış   ATA 956.1024 K65 1994 001762 08/22/2016 08/22/2016 Books